• 首页
  • 本馆介绍
  • 公告通知
  • 最新文献
  • 馆藏检索
  • 电子资源
  • 读者导购
  • 参考咨询
  • 我的图书馆
  • 登录
  • 详细信息显示
  • 放入我的书架
  • 预约/预借图书
  • 作者相关作品
  • 分类相关作品
  • 丛书相关作品
  • 出版社相关作品

书目信息

  • 表格格式
  • 工作单格式
  • 卡片格式
题名:
分析力学
    
 
作者: 韩广才 , 李鸿 , 商大中 主编
分册:  
出版信息: 哈尔滨   哈尔滨工程大学出版社  2003
页数: 197页
开本: 26cm
丛书名:
单 册:
中图分类: O316
科图分类:
主题词: 分析力学
电子资源:
ISBN: 7-81073-495-4
000 00649nam0 2200217 450
001 0552420619
005 20051020162319.76
010    @a7-81073-495-4@dCNY16.50
100    @a20051020d2003 km y0chiy0120 ea
101 0  @achi
102    @aCN@b230000
200 1  @a分析力学@Afen xi li xue@f韩广才,李鸿,商大中主编@Fhan guang cai,li hong,shang da zhong zhu bian
210    @a哈尔滨@c哈尔滨工程大学出版社@d2003
215 1  @a197页@d26cm
606 0  @a分析力学
690    @aO316@v4
701  0 @a韩广才@Ahan guang cai@4主编
701  0 @a李鸿@Ali hong@4主编
701  0 @a商大中@Ashang da zhong@4主编
801  0 @aCN@bPFT@c20051020
905    @a10447@dO316@e12
    
    分析力学/韩广才,李鸿,商大中主编.-哈尔滨:哈尔滨工程大学出版社,2003
    197页;26cm
    
    
    ISBN 7-81073-495-4:CNY16.50
    
●
相关链接 在E读中查询图书 在五车中查询图书 在当当中查询图书 在豆瓣中查询图书


正题名:分析力学     索取号:O316/12         预约/预借

序号 登录号 条形码 馆藏地/架位号 状态 备注
1 0349113   203491131   第二样本阅览室/ [索取号:O316/12] 在馆    
2 0349114   203491140   第三借阅区/ [索取号:O316/12] 在馆    
3 0349115   203491159   第三借阅区/ [索取号:O316/12] 在馆    
4 0349116   203491168   第三借阅区/ [索取号:O316/12] 在馆    
5 0349117   203491177   第三借阅区/ [索取号:O316/12] 在馆    
唐山师范学院图书馆 欢迎您!
大连网信软件有限公司© 版权所有